000 00579nam a2200205Ia 4500
005 20250923144810.0
008 008 250917s9999 xx 000 0 eng d
037 _aTextual
040 _aDSWL
_beng
_cDSWL
041 _aeng
_2eng
084 _aSM90bY15:44, N62
_qDSWL
100 _aChoisy, Maryse
_9828535
245 0 _aPsychoanalysis of the prostitute
_cby Maryse Choisy
260 _aLondon
_bPeterOwen
_c1962
300 _a138p.
365 _aINR
_b21
925 _g21
942 _cTEXL
_hSM90bY15:44, N62
999 _c1443481
_d1443481